Toda la obra poética del pontanés Manuel Pérez Carrascosa / (Record no. 27218)

MARC details
000 -LEADER
campo de control de longitud fija 00584nam a2200193 i 4500
001 - NÚMERO DE CONTROL
campo de control 27218
003 - IDENTIFICADOR DE NÚMERO DE CONTROL
campo de control ES-MaACL
005 - FECHA Y HORA DE LA ÚLTIMA TRANSACCIÓN
campo de control 20230906153559.0
007 - CAMPO FIJO DE DESCRIPCIÓN FÍSICA--INFORMACIÓN GENERAL
campo de control de longitud fija t|
008 - DATOS DE LONGITUD FIJA--INFORMACIÓN GENERAL
campo de control de longitud fija 030113s1978 sp ||||1| spa d
100 1# - ENTRADA PRINCIPAL--NOMBRE DE PERSONA
Nombre de persona Arroyo Morillo, José.
9 (RLIN) 23377
245 10 - MENCIÓN DEL TÍTULO
Título Toda la obra poética del pontanés Manuel Pérez Carrascosa /
Mención de responsabilidad, etc. José Arroyo Morillo.
260 ## - PUBLICACIÓN, DISTRIBUCIÓN, ETC.
Lugar de publicación, distribución, etc. Puente Genil :
Nombre del editor, distribuidor, etc. [s.n.,
Fecha de publicación, distribución, etc. 1978] (
Fabricante Gráf. Consolación)
300 ## - DESCRIPCIÓN FÍSICA
Extensión 94 p. ;
Dimensiones 23 cm.
490 1# - MENCIÓN DE SERIE
Mención de serie Anzur ;
Designación de volumen o secuencia 7
830 0# - PUNTO DE ACCESO ADICIONAL DE SERIE-TÍTULO UNIFORME
Título uniforme Anzur ;
Designación de volumen o secuencia 7
9 (RLIN) 229203
852 ## - LOCALIZACIÓN
Ubicación ES-MaACL
Número de control de estantería A-10757
Sublocalización o colección R.99975
Holdings
Estatus retirado Estado de pérdida Estado de daño No para préstamo Biblioteca de origen Biblioteca actual Ubicación en estantería Fecha de adquisición Fuente de adquisición Total de préstamos Signatura topográfica completa Código de barras Visto por última vez Precio de reemplazo Tipo de ítem Koha
        Biblioteca del Ateneo de Madrid Biblioteca del Ateneo de Madrid Depósito 1 17/01/2008     A-10757 1028093 23/02/2023 23/02/2023 Libro impreso